Normal view
MARC view
Entry Personal Name
001 - CONTROL NUMBER
- control field: 35556
003 - CONTROL NUMBER IDENTIFIER
- control field: ARRUPE
005 - DATE AND TIME OF LATEST TRANSACTION
- control field: 20170904120248.0
008 - FIXED-LENGTH DATA ELEMENTS
- fixed length control field: 170904|| aca||aabn | a|a d
040 ## - CATALOGING SOURCE
- Original cataloging agency: ARRUPE
- Transcribing agency: ARRUPE
100 ## - HEADING--PERSONAL NAME
- Personal name: Hendrickx, Herman.
670 ## - SOURCE DATA FOUND
- Source citation: Work cat.: (ARRUPE)0: Hendrickx, Herman., The Third Gospel for the Third World /, c1996-<c2001 >